000
00315 a2200109 4500
001
ART_42336
005
20260410161647.0
008
260409a
245
1
0
_a
El IVA en los automóviles
100
1
_a
Januszewski, Karina
773
0
_t
Consultor tributario
_g
- Año 11, Nº 123 (mayo 2017)
_w
REV474
999
_c
13884
_d
13884